Australian Open Men's Tennis Champions - Open Era - Statistics

General Stats
  • This quiz has been taken 56 times
    36 since last reset
  • The average score is 34 of 58
Answer Stats
Answer % Correct
Jannik Sinner
100%
Novak Djokovic
100%
Roger Federer
100%
Andy Murray
96%
Rafael Nadal
96%
Stan Wawrinka
96%
Andre Agassi
92%
Jimmy Connors
92%
Pete Sampras
92%
Pete Sampras
92%
Rod Laver
92%
Boris Becker
88%
Boris Becker
88%
Daniil Medvedev
88%
Ivan Lendl
88%
Lleyton Hewitt
84%
Mats Wilander
84%
Arthur Ashe
80%
Dominic Thiem
80%
John Newcombe
80%
Stefan Edberg
80%
Jim Courier
76%
Marat Safin
76%
Marin Čilić
76%
Yevgeny Kafelnikov
72%
Stefanos Tsitsipas
68%
Ken Rosewall
64%
Petr Korda
64%
Thomas Johansson
64%
Guillermo Vilas
60%
Vitas Gerulaitis
60%
Jo-Wilfried Tsonga
56%
Mark Edmondson
56%
Roscoe Tanner
56%
Michael Chang
52%
Brian Teacher
48%
Carlos Moyá
48%
Marcos Baghdatis
48%
Johan Kriek
44%
Pat Cash
44%
Fernando González
40%
Marcelo Ríos
40%
Andrés Gimeno
32%
Arnaud Clément
32%
Rainer Schüttler
32%
Thomas Enqvist
32%
Phil Dent
24%
Mal Anderson
20%
Miloslav Mečíř
20%
Steve Denton
20%
Todd Martin
20%
Dick Crealy
16%
John Lloyd
16%
Kevin Curren
16%
Kim Warwick
16%
John Marks
12%
John Sadri
12%
Onny Parun
12%
No matching quizzes found
Score Distribution
Percent of People with Each Score
Percentile by Number Answered
Your Score History
You have not taken this quiz since the last reset